Medal Table Summer Olympics - Badminton - Statistics

General Stats
  • This quiz has been taken 120 times
  • The average score is 11 of 12
Answer Stats
Gold Silver Bronze Total Answer % Correct
20 12 15 47 China
100%
1 1 2 4 Japan
97%
6 7 7 20 South Korea
97%
8 6 7 21 Indonesia
95%
2 3 4 9 Denmark
94%
0 6 3 9 Malaysia
94%
0 1 2 3 India
91%
1 0 0 1 Spain
86%
1 1 0 2 Chinese Taipei
83%
0 1 2 3 Great Britain
80%
0 0 1 1 Russia
76%
0 1 0 1 Netherlands
59%
No matching quizzes found
Score Distribution
Percent of People with Each Score
Percentile by Number Answered
Your Score History
You have not taken this quiz